[Event "Third Match"]
[Site "?"]
[Date "1976.05.21"]
[Round "4"]
[White "Bailey, B."]
[Black "Gray, M."]
[Result "0-1"]
[WhiteElo "2042"]
[BlackElo "1840"]
[Annotator "Stockfish 12 (15s)"]
[PlyCount "88"]

{C86: Closed Ruy Lopez: Worrall Attack} 1. e4 e5 2. Nf3 Nc6 3. Bb5 a6 4. Ba4
Nf6 5. O-O Be7 6. d3 b5 7. Bb3 O-O 8. c3 d5 9. Qe2 Bg4 10. Nbd2 Bc5 $2 $146 (
10... dxe4 11. dxe4 Nh5 12. Rd1 Nf4 13. Qe3 Qd6 14. Nf1 Qf6 15. Ng3 Rad8 16.
Ne2 Rxd1+ 17. Bxd1 Rd8 18. Bc2 Nxg2 19. Kxg2 Bc5 20. Ned4 exd4 21. cxd4 Bxf3+
22. Qxf3 Qxf3+ 23. Kxf3 Nxd4+ 24. Kg2 Nxc2 25. Rb1 {
Matlega,B (1905)-Flis,P (2160) Augustow 1997 0-1}) (10... d4 11. h3 (11. c4 Nh5
12. Nb1 g5 13. h3 Nf4 14. Bxf4 Bxf3 15. Qxf3 gxf4 16. Qh5 Bf6 17. Nd2 Nb4 18.
Qf3 c5 19. Rfc1 Qd6 20. a3 Nc6 21. cxb5 axb5 22. Bd5 Rac8 23. Rc2 Ne7 24. Rac1
Nxd5 25. exd5 Rc7 {Leenhouts,K (2111)-Veltman,A Hengelo 2001 1-0}) 11... Bh5 (
11... dxc3 12. bxc3 Bh5 13. a3 Qd7 14. Rd1 Rae8 15. Bb2 Bd8 16. Nf1 Na5 17. Ba2
c5 18. Ng3 Bg6 19. Rd2 Qa7 20. Rad1 Nc6 21. Kh1 Bb6 22. Nh4 Kh8 23. Nhf5 Rd8
24. Qf3 Rd7 25. h4 h5 26. Ne3 {
Buckan,J (2060)-Schmidt,G (2064) Germany 2003 1-0 (49)}) 12. g4 Bg6 13. cxd4
Nxd4 14. Nxd4 Qxd4 15. Nf3 Qd6 16. d4 Nxe4 17. dxe5 Qb6 18. Be3 Bc5 19. Bd5
Bxe3 20. Qxe3 Qxe3 21. fxe3 Rad8 22. Rad1 Ng3 23. Rfe1 Be4 24. Bxe4 Nxe4 25.
Rd4 {Askarov,B (2257)-Kunte,A (2499) Jodhpur 2003 1/2-1/2 (49)}) (10... Be6
$142 $11) 11. exd5 $18 Nxd5 $4 (11... Na5 $142 12. h3 Nxb3 13. Nxb3 Bxf3 14.
Qxf3 Bb6 $18) 12. Qe4 Be6 13. Nxe5 (13. Ng5 $142 $1 Qxg5 14. Bxd5 Bxf2+ 15.
Rxf2 Bxd5 16. Qxd5 $18) 13... Nxe5 $16 14. Qxe5 Bd6 15. Qe4 Nf6 (15... a5 16.
Nf3 (16. Bxd5 $143 Bxd5 17. Qf5 Re8 $15) 16... a4 17. Bc2 $16) 16. Qh4 (16. Qe2
$142 Re8 17. Bxe6 Rxe6 18. Qf3 $16) 16... Ng4 $4 (16... Bf5 $142 17. Bc2 Ng4
18. Qxd8 Bxh2+ (18... Raxd8 $2 19. h3 Nf6 20. Ne4 $18) 19. Kh1 Raxd8 $14) 17.
Qxd8 $18 Bxh2+ 18. Kh1 Raxd8 (18... Rfxd8 $4 19. Bxe6 fxe6 20. f3 $18) 19. f3
Ne3 20. Re1 (20. Kxh2 $5 Bxb3 21. axb3 Nxf1+ 22. Nxf1 Rxd3 $18) 20... Bxb3 21.
Kxh2 $4 (21. Rxe3 $142 Bf4 22. Nxb3 Bxe3 23. Bxe3 Rxd3 24. Bd4 $16) 21... Nc2
$19 22. Nxb3 (22. Ne4 Nxe1 23. Bg5 Nxf3+ 24. gxf3 f6 $19) 22... Nxe1 23. d4 Nd3
24. Na5 (24. a4 Rfe8 25. axb5 axb5 $19) 24... Rfe8 25. Nc6 Rd6 26. Ne5 Nxe5 27.
dxe5 Rxe5 (27... Rd1 $142 $5 28. a4 bxa4 29. Rxa4 Rxc1 30. Rxa6 $19) 28. Bf4
Rh5+ 29. Kg3 Rd7 30. Re1 Kf8 31. Be3 (31. a4 Re7 32. Ra1 Re2 $19) 31... c5 (
31... Re5 32. f4 Re6 33. Kf2 $19) 32. b4 (32. a4 bxa4 33. Ra1 Re5 $19) 32...
cxb4 33. cxb4 f6 34. Rc1 Re5 35. Rc8+ Re8 (35... Kf7 $142 36. Rc3 $19) 36. Bc5+
(36. Rc3 Rd1 $19) 36... Kf7 37. Rc6 Re6 38. Rc8 Re2 39. a3 (39. Rc6 Rxa2 40.
Kh3 Kg6 $19) 39... Ra2 (39... g5 $142 40. Bb6 Rd6 41. Ba7 $19) 40. Kh3 Rxa3 41.
Kg4 (41. Rc6 Kg6 $19) 41... Rad3 (41... Rc3 42. Ra8 Kg6 43. Rxa6 $19) 42. f4 (
42. Ra8 Kg6 $19) 42... g6 43. f5 (43. Rf8+ Ke6 44. Re8+ Kd5 $19) 43... h5+ 44.
Kf4 R7d4+ (44... R7d4+ 45. Bxd4 Rxd4+ 46. Kf3 gxf5 $19) 0-1

[Event "Third Match"]
[Site "?"]
[Date "1976.06.07"]
[Round "5"]
[White "Gray, M."]
[Black "Bailey, B."]
[Result "0-1"]
[WhiteElo "1840"]
[BlackElo "2042"]
[Annotator "Stockfish 12 (15s)"]
[PlyCount "68"]

{C07: French Tarrasch: 3...c5, 4 Ngf3 and 4 exd5 Qxd5} 1. e4 e6 2. d4 d5 3. Nd2
c5 4. c3 Nc6 5. Bb5 Bd7 6. Ngf3 (6. Ne2 Qb6 7. Bxc6 bxc6 8. O-O cxd4 9. cxd4
Bb4 10. a3 Bxd2 11. Bxd2 dxe4 12. Bb4 Nf6 13. Qc2 Rb8 14. Rab1 h5 15. Bd6 Rc8
16. b4 Qb5 17. Bc5 Qb8 18. g3 h4 19. Nc3 e3 20. Ne4 Nxe4 {
Perez,S (2138)-Bennion,D (2078) Lichfield 2000 0-1}) (6. exd5 exd5 7. Qe2+ Qe7
8. Nb3 Qxe2+ 9. Nxe2 c4 10. Nc5 Bxc5 11. dxc5 a6 12. Bxc6 Bxc6 13. Nd4 Ne7 14.
O-O O-O 15. Re1 Rfe8 16. Bf4 Ng6 17. Bg3 Bd7 18. b4 Rxe1+ 19. Rxe1 Re8 20.
Rxe8+ Bxe8 {Frontera,G (1826)-Olivo,G (1610) Cutro 2005 1-0 (42)}) 6... Nf6
$146 (6... Qb6 7. Bxc6 Bxc6 8. e5 Nh6 9. O-O Nf5 10. Nb3 Ba4 11. Be3 c4 12. Ng5
cxb3 13. Rc1 Be7 14. Nf3 O-O 15. Nd2 Bb5 16. c4 Bxc4 17. Nxc4 dxc4 18. Rxc4
bxa2 19. Ra4 Qxb2 20. Qa1 Qxa1 21. Rxa1 {
Fernandez Zapico,F-Marino Bravo,M (2140) Asturias 1998 0-1}) (6... a6 7. Bxc6
Bxc6 8. e5 cxd4 9. Nxd4 Bc5 10. N2b3 Ba4 11. Qg4 Bxb3 12. Nxb3 Bf8 13. Be3 h5
14. Qe2 Ne7 15. Nd4 Nc6 16. f4 Na5 17. O-O Nc4 18. Bf2 Bc5 19. b3 Na3 20. Qb2
Nb5 21. Nxb5 {Artigas Bellapart,F-Perez Torres,J Valencia 2003 1-0 (52)}) (6...
g6 7. e5 Nxe5 8. Bxd7+ Nxd7 9. O-O Qc7 10. Re1 Ngf6 11. Ng5 Bd6 12. Ndf3 O-O
13. g3 Rae8 14. Kg2 e5 15. dxc5 Nxc5 16. h4 e4 17. Nd4 Nd3 18. Re3 Qd7 19. Rxd3
exd3 20. Qf3 Ne4 21. Be3 {Lascutoiu,I-Humaila,F Deva 1998 1-0 (50)}) 7. e5 Ng8
(7... Ne4 8. Bd3 cxd4 9. Nxe4 dxe4 10. Bxe4 dxc3 11. bxc3 $11) 8. Qe2 (8. dxc5
Bxc5 9. a4 Bb6 $14) 8... c4 (8... cxd4 $142 $5 9. Nxd4 Nxd4 10. cxd4 Bxb5 11.
Qxb5+ Qd7 $11) 9. Bxc6 $16 Bxc6 10. O-O Ne7 11. Ne1 Nf5 12. Nc2 b5 (12... a6
13. h3 $14) 13. f4 (13. a3 a5 $16) 13... Bd7 14. g4 Ne7 15. Ne3 g6 (15... h5
16. f5 Nc6 17. Rf2 $14 (17. gxh5 $6 Qg5+ 18. Ng2 Qxh5 19. Qxh5 Rxh5 $11)) 16.
Nf3 $14 h5 (16... b4 17. h3 $14) 17. Bd2 (17. f5 gxf5 18. gxf5 exf5 $16) 17...
Bg7 (17... hxg4 18. Nxg4 Nf5 19. Nf6+ Ke7 20. Kf2 $11) 18. g5 (18. h3 b4 $16)
18... Nc6 (18... a5 19. a3 $11) 19. Nh4 (19. f5 $142 gxf5 20. g6 fxg6 21. Ng2
$16) 19... Bf8 $4 (19... Ne7 20. a3 $11) 20. Rae1 (20. Nxd5 $142 exd5 21. e6
Bxe6 22. Nxg6 fxg6 23. Qxe6+ Ne7 24. Rae1 $18) 20... Be7 (20... Ne7 21. f5 gxf5
22. Neg2 $11) 21. Qf3 (21. Qg2 $142 Rg8 22. f5 gxf5 23. Nhxf5 exf5 24. Nxd5 $18
) 21... Bc8 $4 (21... b4 $142 $5 $15) 22. Kh1 (22. f5 $142 gxf5 23. Nhxf5 exf5
24. Nxd5 $18) 22... Qd7 (22... b4 23. Rg1 Rb8 24. f5 exf5 25. Neg2 $16 (25.
Nxd5 bxc3 26. Bxc3 Nxd4 27. Nf6+ Kf8 $19)) 23. Qh3 {White prepares f5} (23. f5
$142 gxf5 24. Neg2 $16) 23... Qb7 $2 (23... Nd8 $142 $14) 24. f5 $18 gxf5 $2 (
24... exf5 25. Qg2 Nd8 26. Nxd5 Ne6 $18) 25. g6 Bxh4 26. g7 Rg8 27. Qxh4 Rxg7
28. Qxh5 Qe7 29. Rxf5 (29. Rg1 $142 Rxg1+ 30. Rxg1 $18) 29... exf5 $11 30. Nxd5
$4 (30. e6 $142 Qg5 31. exf7+ Kf8 32. Qh8+ Kxf7 33. Ng4 $11) 30... Qf8 (30...
Bb7 $142 31. Qh8+ Qf8 32. Nf6+ Ke7 33. Qxf8+ Kxf8 34. d5 $19) 31. Nc7+ $4 (31.
e6 $142 Rg6 32. Qxf5 Bxe6 33. Nc7+ Kd7 34. Nxe6 Rxe6 35. d5 $18) 31... Kd7 $19
32. Nxa8 (32. Nxb5 Ne7 33. Nd6 $19) 32... Nxd4 $1 33. Bg5 (33. cxd4 Bb7+ {
Mate attack}) (33. -- $140 Bb7+ {Mate threat}) 33... Bb7+ 34. Kg1 Rxg5+ $1 (
34... Rxg5+ 35. Qxg5 Nf3+ 36. Kf1 Nxg5 37. Rd1+ Ke7 38. Nc7 Qh6 39. Nd5+ Bxd5
40. Rxd5 Ne4 41. Ke2 Qxh2+ 42. Ke1 Nf2 43. Rd2 Nd3+ 44. Kf1 Qh1+ 45. Ke2 Qg2+
46. Kd1 Qf1+ 47. Kc2 Qc1#) (34... Qxa8 $6 35. Rd1 Ke6 36. Rxd4 $11) (34... Bxa8
35. Rd1 Kc7 36. Rxd4 $19) 0-1

[Event "Third Match"]
[Site "?"]
[Date "1976.06.10"]
[Round "6"]
[White "Bailey, B."]
[Black "Gray, M."]
[Result "1-0"]
[WhiteElo "2042"]
[BlackElo "1840"]
[Annotator "Stockfish 12 (20s)"]
[PlyCount "113"]

{C65: Ruy Lopez: Berlin Defence (3...Nf6), unusual lines and 4 0-0 Bc5} 1. e4
e5 2. Nf3 Nc6 3. Bb5 Nf6 4. O-O Bc5 5. Bxc6 dxc6 6. Nxe5 O-O 7. d3 h6 (7... Re8
8. Nf3 Bg4 9. h3 Bh5 10. Be3 Qe7 11. Bxc5 Qxc5 12. Nc3 Bxf3 13. Qxf3 Rad8 14.
Qg3 Rd6 15. Kh2 Nd7 16. f4 h5 17. e5 Rg6 18. Qf3 Qb4 19. Ne4 Rh6 20. c3 Qb5 21.
d4 Qd5 22. Rfe1 {Noritano,R-Safary,R (2566) playchess.com INT 2006 1-0 (47)})
8. Nd2 $146 (8. Nc3 Re8 9. Nf3 Bg4 10. h3 Bxf3 11. Qxf3 Qd7 12. Qg3 Bd6 13. Qf3
Rad8 14. Re1 Nd5 15. Bd2 Nxc3 16. Bxc3 Be5 17. Bxe5 Rxe5 18. b3 Rc5 19. c4 Qxd3
20. Qxd3 Rxd3 21. f3 b5 22. cxb5 cxb5 {
Hulm,S (982)-Funck,A (1066) Salzgitter Lebenstedt 2002 1/2-1/2 (32)}) 8... Qe7
9. Ndf3 Rd8 10. Qe2 Ng4 (10... Re8 11. b3 $18) 11. Nxg4 Bxg4 12. Bd2 (12. h3
Bd7 $18) 12... Rd7 (12... Bh5 13. h3 $18) 13. Bc3 (13. h3 Bh5 14. g4 Bg6 $18)
13... f6 $2 (13... Bh5 $142 $5 $16) 14. h3 $18 Bh5 15. g4 Bg6 (15... Bf7 16.
Nh4 $18) 16. Nh4 Bh7 17. Qf3 Rad8 18. Nf5 Bxf5 (18... Qf7 19. Rfe1 $18) 19.
Qxf5 (19. exf5 $142 $5 Qf7 $18) 19... Bb4 20. Bxb4 Qxb4 21. Qe6+ Kh7 22. Qf5+ (
22. Qb3 a5 23. Rfe1 c5 $18) 22... Kg8 23. b3 (23. Qe6+ Kh7 24. Qb3 a5 $18)
23... Qc3 (23... Re7 24. Qf3 $16) 24. Rac1 (24. Qe6+ Kh7 25. Qc4 Qa5 $18) 24...
Rd6 (24... Re7 25. Qf4 $16) 25. Rfe1 $18 c5 (25... a5 26. Kg2 R6d7 27. h4 $18)
26. Qf4 (26. Kg2 $142 $5 R6d7 27. Qf4 $18) 26... b5 $16 27. Kf1 (27. Re2 Qe5
28. Qxe5 fxe5 $16) 27... c4 $18 28. e5 $4 (28. Kg2 c5 29. dxc4 bxc4 30. Re2 $16
) 28... fxe5 (28... Re6 $142 $5 $11) 29. Qxe5 $16 Qxe5 30. Rxe5 cxd3 31. cxd3
Rxd3 $4 (31... c6 $142 $16) 32. Rxb5 (32. Rxc7 $142 Rf3 33. Ke1 $18) 32... Rd2
$11 33. Rxc7 Rxa2 $4 (33... Rf8 $142 34. Rf5 Rxf5 35. gxf5 Rxa2 $11) 34. Rbb7
$18 Rd1+ 35. Kg2 Rdd2 36. Rxg7+ Kh8 37. Rh7+ Kg8 38. Rxh6 Rxf2+ 39. Kg3 a5 40.
Ra6 (40. Rg6+ $142 Kh8 41. Rb5 $18) 40... Rf8 41. Rb5 Kg7 42. Raxa5 Rxa5 43.
Rxa5 Rb8 44. Ra3 Rb4 45. Kh4 Kg6 46. Ra6+ Kg7 47. Kh5 Rxb3 48. h4 Rb5+ 49. g5
Rc5 50. Ra7+ Kh8 51. Kh6 Rc6+ 52. g6 Rc8 53. h5 Rb8 54. Ra5 Kg8 55. Kg5 Rc8 56.
h6 Kh8 57. h7 1-0

[Event "Seattle Class A"]
[Site "?"]
[Date "1976.05.29"]
[Round "1"]
[White "Irwin, P."]
[Black "Bailey, B."]
[Result "0-1"]
[WhiteElo "1777"]
[BlackElo "1821"]
[Annotator "Stockfish 13 (15s)"]
[PlyCount "54"]

{C77: Ruy Lopez: 3...a6 4 Ba4 Nf6, unusual lines} 1. e4 e5 2. Nf3 Nc6 3. Bb5 a6
4. Ba4 Nf6 5. d3 d6 6. h3 Be7 7. c3 O-O 8. O-O Nd7 (8... b5 9. Bb3 Na5 10. Bc2
c5 11. Nbd2 Bd7 12. Re1 h6 13. Nf1 Re8 14. Ng3 Bf8 15. Nh2 g6 16. Be3 Bg7 17.
Qe2 Qc7 18. Ng4 Nxg4 19. hxg4 Nc6 20. f3 Be6 21. Kf2 h5 22. gxh5 f5 23. exf5 {
Trebeschi,A (2102)-Barletta,A (2081) Rome 2005 1-0 (41)}) 9. Re1 $146 f5 (9...
Nb6 10. Bb3 Na5 $16) 10. Bxc6 $4 (10. exf5 $142 Rxf5 11. d4 $18) 10... bxc6 $11
11. exf5 Rxf5 12. d4 Qf8 (12... Qe8 $142 13. Nbd2 Qg6 $11) 13. Qe2 (13. Nbd2
$142 $5 $14) 13... Bb7 (13... Qf7 $142 14. Be3 e4 $17) 14. Qc4+ $2 (14. Qd1 Qf7
15. dxe5 c5 $15 (15... Nxe5 $143 16. Nxe5 Rxe5 17. Rxe5 dxe5 18. Be3 $11))
14... Kh8 $4 (14... d5 $142 15. Qb3 Bc8 16. Qc2 Rxf3 17. gxf3 Qxf3 18. Re3 $19)
15. dxe5 $4 (15. Nbd2 $142 $15) 15... Rxf3 $19 16. gxf3 Nxe5 17. Rxe5 dxe5 18.
Qe2 (18. Be3 Qxf3 19. Qg4 Qd5 $19) 18... Qf5 (18... c5 $142 19. Be3 Bxf3 20.
Qf1 $19) 19. Kg2 (19. Qe4 Qxh3 20. Qg4 Qxg4+ 21. fxg4 $19) 19... c5 20. Nd2 (
20. Be3 Qh5 21. Nd2 e4 22. Nxe4 Bxe4 23. Bxc5 Bxc5 24. Qxe4 Re8 $19) 20... Rf8
21. Ne4 Bc8 22. Ng3 (22. Kg1 Qxh3 23. Bg5 $19) 22... Qxh3+ 23. Kg1 Bb7 24. Qf1
Qh4 25. Be3 (25. Qg2 Bxf3 26. Qh2 Qg4 $19) 25... Bxf3 26. Qxa6 e4 27. Qe6 Bd6 (
27... Bd6 28. Qxd6 cxd6 $19) 0-1

[Event "Seattle Class A"]
[Site "?"]
[Date "1976.05.29"]
[Round "2"]
[White "Bailey, B."]
[Black "Rowan, T."]
[Result "1/2-1/2"]
[WhiteElo "1821"]
[BlackElo "1961"]
[Annotator "Stockfish 13 (15s)"]
[PlyCount "92"]

{C12: French: Classical System: McCutcheon Variation} 1. e4 e6 2. d4 d5 3. Nc3
Bb4 4. Bd3 dxe4 5. Bxe4 Nf6 6. Bg5 c5 7. Bxf6 Qxf6 8. Nf3 (8. a3 Ba5 9. b4 cxb4
10. Nb5 b3+ 11. Kf1 Qe7 12. Ne2 a6 13. Nbc3 Nd7 14. cxb3 Nf6 15. Bf3 O-O 16. b4
Bb6 17. Na4 Ba7 18. Nc5 Rd8 19. Qb3 Rb8 20. h4 e5 21. dxe5 Qxe5 22. Rc1 b6 {
Hoen,R (2310)-Agdestein,E (2280) Oslo 1984 1/2-1/2 (70)}) (8. Nge2 Nc6 9. Bxc6+
bxc6 10. dxc5 Ba6 11. Qd4 Bxc3+ 12. Qxc3 Qg6 13. Qf3 Bxe2 14. Qxc6+ Ke7 15.
Qd6+ Kf6 16. Qf4+ Ke7 17. Qd6+ Kf6 {
1/2-1/2 (17) Ceccarini,M (2091)-Cugini,W (2219) Bratto 2004}) 8... O-O $146 (
8... Nc6 9. O-O Nxd4 10. Nxd4 cxd4 11. Nb5 O-O 12. Qxd4 Qxd4 13. Nxd4 Rb8 14.
Rad1 Be7 15. Rd3 Bf6 16. Rfd1 Bd7 17. c4 a6 18. b3 Rfc8 19. a4 Be8 20. f4 g6
21. g4 Kg7 22. Kg2 Rc5 23. h3 {
Semenova,L (2210)-Levitina,I (2245) Sochi 1984 1/2-1/2 (53)}) 9. O-O Rd8 (9...
cxd4 10. Qxd4 Qxd4 11. Nxd4 $15) 10. Qd3 cxd4 11. Nb5 Na6 12. Bxh7+ Kh8 (12...
Kf8 13. Be4 e5 14. c3 dxc3 15. Qc2 cxb2 16. Qxb2 $15) 13. Be4 (13. Nbxd4 $4 e5
14. c3 Bf8 (14... exd4 $143 15. cxb4 g6 16. Bxg6 Qxg6 17. Rfd1 $19) 15. Nxe5
Qxe5 $19) 13... Ba5 (13... e5 14. Qe2 Nc5 15. a3 Nxe4 16. Qxe4 $11) 14. Qa3 (
14. Nd6 $1 Rxd6 15. Qb5 $11) 14... Bb6 $15 15. Rad1 $2 (15. b4 Nc7 16. Nxc7
Bxc7 $11) 15... e5 (15... Nc5 16. Nd2 Kg8 $17) 16. Qd3 $4 (16. Rde1 $142 Bc5
17. Qa4 $11) 16... Nc5 $19 17. Qe2 Bg4 18. Rfe1 (18. h3 Bh5 19. b4 $19) 18...
Nxe4 (18... a6 $142 19. Na3 Ba5 $19) 19. Qxe4 $17 Bxf3 20. Qxf3 Qxf3 21. gxf3
f6 22. Na3 Rac8 23. b3 $2 (23. Re4 $142 $17) 23... Bc5 $19 24. Nc4 (24. Nb1 Bb4
25. Re2 g5 $19) 24... b5 25. Nb2 Ba3 26. Nd3 Rxc2 27. f4 exf4 28. Nxf4 Bb4 (
28... Rxa2 $142 29. Rd3 a5 $19) 29. Re2 $4 (29. Re4 $142 Rxa2 30. Ne6 $19)
29... Rxe2 $19 30. Nxe2 d3 31. Nf4 (31. Ng3 g5 $19) 31... d2 32. Kf1 (32. Ng2
g5 $19) 32... g5 33. Ng2 Kg7 34. Ke2 (34. h4 Kg6 35. hxg5 Kxg5 $19) 34... Kg6
35. a3 Bc3 36. Ne3 (36. Rh1 f5 37. Kd1 $19) 36... f5 37. Nf1 (37. Ng2 f4 38. h3
Kf5 $19) 37... f4 38. Nxd2 (38. f3 b4 39. a4 Re8+ 40. Kd3 Re1 $19) 38... Bxd2
39. Rxd2 (39. h4 gxh4 40. b4 $19) 39... f3+ 40. Ke3 Rxd2 41. Kxd2 Kf5 (41... g4
$142 $19) 42. h3 $11 Ke4 43. Kc3 a5 44. Kc2 Kd4 45. Kd2 a4 46. b4 Kc4 1/2-1/2

[Event "Seattle Class A"]
[Site "?"]
[Date "1976.05.30"]
[Round "3"]
[White "Widdison, K."]
[Black "Bailey, B."]
[Result "1/2-1/2"]
[WhiteElo "1996"]
[BlackElo "2042"]
[Annotator "Stockfish 13 (15s)"]
[PlyCount "93"]

{A07: Réti Opening: New York and Capablanca Systems} 1. Nf3 Nf6 2. g3 g6 3. Bg2
Bg7 4. O-O O-O 5. d3 d5 6. Nbd2 Nc6 7. e4 Bg4 8. Re1 (8. h3 Bxf3 9. Qxf3 dxe4
10. dxe4 Nd7 11. Nb3 a5 12. a4 e5 13. c3 Qe7 14. Rd1 Qe6 15. Rd5 Ne7 16. Rd3
Qxb3 17. Rxd7 Nc6 18. Qe2 Rfd8 19. Rd5 Ne7 20. Rxd8+ Rxd8 21. Bg5 f6 22. Be3
Nc8 {Sepp,O (2414)-Holmsten,A (2364) Finland 2000 0-1 (32)}) 8... Nd4 $146 (
8... dxe4 9. dxe4 Qd7 10. c3 Qd3 11. Re3 Qd7 12. Qc2 Rad8 13. Nf1 Qd1 14. Qxd1
Rxd1 15. h3 Bh6 16. Re1 Rxc1 17. Raxc1 Bxc1 18. Rxc1 Be6 19. e5 Nd7 20. Nd4
Ndxe5 21. Nxe6 fxe6 22. Be4 Nf3+ 23. Kg2 {
Trueman,F (1509)-Hogeveen Rutter,A (1735) Winnipeg 2003 0-1 (57)}) (8... dxe4
9. dxe4 Qc8 10. c3 $11) 9. c3 (9. e5 $5 Nd7 10. c3 Nxf3+ 11. Bxf3 $14 (11. Nxf3
$2 Nxe5 12. d4 Nxf3+ 13. Bxf3 Bxf3 14. Qxf3 Qd7 $17)) 9... dxe4 10. dxe4 Nxf3+
11. Bxf3 Bxf3 12. Qxf3 e5 13. a4 Qe7 14. Nc4 Qe6 15. b3 Rfd8 16. Ba3 Bf8 17.
Rad1 Bxa3 18. Nxa3 Kg7 19. c4 (19. Nc4 $17) 19... c6 (19... h5 $142 $5 $17) 20.
c5 $11 Qe7 21. Qe3 Rxd1 (21... h5 22. h4 $15) 22. Rxd1 $11 Rd8 23. Rxd8 Qxd8
24. Nc4 Qd4 (24... h5 25. Nd6 Qd7 26. h4 $14) 25. Qxd4 exd4 26. Nd6 b6 (26...
d3 27. Kf1 Ng4 28. h4 $16 (28. Nxb7 $6 Nxh2+ 29. Ke1 Nf3+ 30. Kd1 Kf6 $11)) 27.
cxb6 axb6 28. b4 Nd7 29. e5 $4 (29. a5 $142 $5 bxa5 30. bxa5 $18) 29... Kf8 (
29... Nxe5 30. a5 bxa5 31. bxa5 $11) 30. f4 (30. a5 bxa5 31. bxa5 Nb8 $18)
30... Ke7 (30... c5 31. a5 Nb8 32. axb6 cxb4 33. Kf2 $11) 31. Kf2 (31. a5 $142
bxa5 32. bxa5 $11) 31... f6 $2 (31... c5 $142 32. a5 Nb8 $11 (32... cxb4 $4 33.
a6 $18)) 32. Nc8+ $18 Ke6 33. exf6 Kxf6 34. a5 bxa5 35. bxa5 Nb8 (35... Nc5 36.
Na7 Nd3+ 37. Kf3 $16) 36. Ke2 (36. Kf3 $142 Na6 37. g4 $16) 36... Ke6 $4 (36...
Na6 $142 $16) 37. Kd3 $18 c5 38. Kc4 Na6 $2 (38... Kd7 39. Nb6+ Kc6 40. g4 $18)
39. g4 (39. Nb6 $142 Kf5 40. Na4 $18) 39... Kf6 $4 (39... Kd7 40. Nb6+ Kc6 $18)
40. Nb6 Ke6 (40... h5 41. Kb5 Nc7+ 42. Kc6 $18) 41. Na4 Kd6 42. Nb2 Nb8 (42...
Nb4 43. Nd3 Na6 44. Nf2 $18) 43. Kb5 Kd5 (43... Nd7 44. Nd3 Nb8 45. Nxc5 $18)
44. f5 gxf5 45. gxf5 Ke5 46. Kxc5 Kxf5 47. Kxd4 1/2-1/2

[Event "Seattle Class A"]
[Site "?"]
[Date "1976.05.31"]
[Round "4"]
[White "Bailey, B."]
[Black "Fitzpatrick, S."]
[Result "1-0"]
[WhiteElo "1821"]
[BlackElo "1720"]
[Annotator "Stockfish 13 (15s)"]
[PlyCount "53"]

{C15: French: 3 Nc3 Bb4: Unusual White 4th moves} 1. e4 e6 2. d4 d5 3. Nc3 Bb4
4. Bd3 c5 5. Bb5+ Nc6 (5... Bd7 6. Bxd7+ Nxd7 7. exd5 exd5 8. Nge2 Ngf6 9. O-O
O-O 10. a3 Ba5 11. dxc5 Bxc3 12. Nxc3 Nxc5 13. Bg5 Nce4 14. Bxf6 Nxf6 15. Nb5
a6 16. Nd4 Re8 17. Re1 Qb6 18. Rxe8+ Rxe8 19. Rb1 Qd6 20. Nf3 {
Cremers,B (1510)-Wavresky,A (1570) St Chely d'Aubrac 2005 1-0 (70)}) 6. e5 Qa5
7. Bxc6+ bxc6 8. Nge2 $146 (8. dxc5 Bxc3+ 9. bxc3 Qxc3+ 10. Bd2 Qxe5+ 11. Ne2
Nf6 12. O-O O-O 13. Bc3 Qc7 14. Ng3 e5 15. Re1 Nd7 16. Qh5 f6 17. Qf3 a5 18.
Bb2 Rb8 19. Ba3 Rb5 20. Ne2 Qa7 21. Nc3 Rb8 22. Rad1 Rd8 {
Neels,I-Stoilkovska,S Guarapuava 1995 1-0 (40)}) 8... cxd4 (8... Ba6 $5 9. a3
Bxe2 10. Kxe2 cxd4 11. Qxd4 $19) 9. Qxd4 $17 c5 10. Qg4 d4 $4 (10... Ne7 $142
11. O-O O-O $17) 11. Qxg7 $18 dxc3 (11... Ba6 12. Bg5 h6 13. Qxh8 $18) 12. b3
Ba6 (12... Bb7 13. Bg5 h6 14. Qxh8 $18) 13. Qxh8 (13. Bg5 $142 c4 14. O-O Be7
$18) 13... O-O-O 14. Qxh7 c4 (14... Qb5 15. Ng3 Ne7 16. Qxf7 $18) 15. Qe4 (15.
Qxf7 $142 Qd5 16. Bg5 Be7 $18) 15... cxb3 16. axb3 Qxa1 17. Qxb4 Rd2 18. Qxc3+
Qxc3 19. Nxc3 Rxc2 20. Bd2 Ne7 (20... Rb2 21. h4 $18) 21. h4 Rb2 22. Rh3 Ng6 (
22... Rxb3 23. h5 $18) 23. h5 Nxe5 (23... Rxb3 24. hxg6 fxg6 25. f3 $18) 24. h6
Ng6 (24... Nd3+ 25. Kd1 Nxf2+ 26. Kc1 Nd3+ 27. Rxd3 Bxd3 28. Kxb2 Kd7 $18) 25.
h7 Nh8 (25... Kb7 26. Rg3 Nh8 27. Rg8 $18) 26. Rg3 Ng6 (26... Kd7 27. Rg8 Bd3
28. Rxh8 Bxh7 29. Rxh7 Rxb3 30. Rxf7+ Kd6 31. Bf4+ Kc5 $18) 27. Rxg6 $1 (27.
Rxg6 Rxd2 28. Kxd2 fxg6 29. h8=Q+ Kd7 30. Qd4+ Ke8 31. Qa4+ Kf7 32. Qxa6 g5 33.
Ne4 g4 34. Qxa7+ Kg6 35. g3 e5 36. Qe7 Kh6 37. Qg5+ Kh7 38. Nf6+ Kh8 39. Qh6#)
1-0

[Event "Seattle Class A"]
[Site "?"]
[Date "1976.05.31"]
[Round "5"]
[White "Polich, D."]
[Black "Bailey, B."]
[Result "1/2-1/2"]
[WhiteElo "1867"]
[BlackElo "2042"]
[Annotator "Stockfish 13 (15s)"]
[PlyCount "90"]

{A01: Nimzowitsch-Larsen Opening} 1. b3 e5 2. Bb2 Nc6 3. e3 Nf6 4. c4 g6 5. Nc3
Bg7 6. Be2 (6. Nf3 O-O 7. d3 h6 8. Be2 d5 9. cxd5 Nxd5 10. Rc1 Nde7 11. O-O a5
12. a3 Be6 13. Ne4 b6 14. Qc2 f5 15. Ned2 g5 16. Nc4 Qd5 17. e4 Qc5 18. Ncxe5
Nxe5 19. Bxe5 Qxc2 20. Rxc2 fxe4 {
Markowski,T (2470)-Mollov,E (2370) Lyon 1995 1-0 (42)}) 6... O-O 7. Nf3 d6 8.
d3 Ne7 $146 (8... h6 9. Qd2 (9. O-O Nh7 10. Nd5 f5 11. Nd2 g5 12. h3 Nf6 13.
Nxf6+ Bxf6 14. Bf3 Ne7 15. g4 c6 16. gxf5 Bxf5 17. Be4 Bg7 18. Kh2 Qd7 19. Qh5
d5 20. Bxf5 Rxf5 21. Qg4 Raf8 22. e4 Rxf2+ 23. Kg3 Qxg4+ {
Gavalas,F-Tsomis,D (2183) Athens 2001 0-1}) 9... Kh7 10. O-O Ng8 11. d4 f5 12.
d5 Nce7 13. e4 f4 14. Ne1 Nf6 15. Nd3 Rf7 16. c5 g5 17. f3 h5 18. b4 g4 19. Kf2
Bf8 20. Ke1 Ng6 21. Bd1 Ne8 22. Qf2 Rg7 23. Kd2 {
Segal,A (2338)-Soares,R Piracicaba 1999 1-0 (46)}) 9. Qd2 (9. b4 Re8 $11) 9...
c6 (9... c5 10. a3 $11) 10. Rc1 (10. O-O Re8 $11) 10... c5 $11 11. O-O Bd7 12.
d4 (12. Ne4 Bc6 13. Nxf6+ Bxf6 $14) 12... exd4 (12... cxd4 13. exd4 e4 14. Ne1
$11) 13. exd4 Nf5 14. Rcd1 Re8 (14... Qa5 15. h3 Rfe8 16. d5 $11) 15. Bd3 (15.
dxc5 $5 dxc5 16. g4 $14) 15... cxd4 16. Ne2 d5 17. Nexd4 Nxd4 18. Bxd4 dxc4 (
18... Bg4 $142 $5 $11) 19. Bxc4 $16 Bg4 $4 (19... b5 20. Bxf7+ Kxf7 21. Bxf6
Bxf6 22. Qxd7+ Qxd7 23. Rxd7+ Re7 $16) 20. Qd3 (20. Ng5 $142 Bxd1 21. Bxf7+ Kh8
22. Bxe8 (22. Rxd1 $6 Re7 $11) (22. Qxd1 $6 Re7 23. Bc4 Qd6 $11) 22... Qxe8 23.
Qxd1 $18 (23. Rxd1 $143 Rd8 $18)) 20... Qa5 $11 21. Bc3 Qh5 22. Rfe1 Rxe1+ 23.
Rxe1 Bxf3 24. Qxf3 Qxf3 25. gxf3 Re8 $2 (25... Ne8 $142 $5 26. Bxg7 Kxg7 $11)
26. Rd1 $16 h6 27. Rd6 Ne4 $4 (27... Nh5 $142 28. Bd2 Nf6 $16) 28. Rd7 $18 (28.
fxe4 $6 Bxc3 29. Rxg6+ Kf8 $16) 28... Nd6 (28... Ng5 29. Bxg7 Kxg7 30. f4 $18)
29. Bxg7 (29. Rxd6 $6 Bxc3 30. Rd7 Rf8 $16) 29... Nxc4 30. Bc3 (30. Bxh6 $142
Ne5 31. Rxb7 Nxf3+ 32. Kg2 Nh4+ 33. Kf1 $18) 30... Ne5 31. Bxe5 (31. Rxb7 $142
Nxf3+ 32. Kg2 $16) 31... Rxe5 $14 32. Rxb7 a5 33. Kf1 Kg7 34. a3 (34. f4 Rc5
$14) 34... Kf6 35. b4 axb4 36. axb4 Ke6 37. b5 f6 38. Kg2 Kf5 39. Kg3 Rc5 40.
b6 Rb5 41. Rb8 h5 42. b7 g5 43. h4 gxh4+ 44. Kxh4 Rb1 45. Kg3 Rb3 1/2-1/2